| 000 | 00990cam a22003135a 4500 | ||
|---|---|---|---|
| 001 | 016635633 | ||
| 003 | OSt | ||
| 005 | 20151031093140.0 | ||
| 008 | 140217s2014 nyua frbd 001 0 eng d | ||
| 020 | _a9781259070969 | ||
| 020 | _a1259070964 | ||
| 040 |
_aStDuBDS _beng _cStDuBDS _dUkOxU _dEG-ScBUE _dEG-ScBUE |
||
| 082 | 0 | 4 |
_a339 _bDOR _222 |
| 100 | 1 |
_aDornbusch, Rudiger. _938613 |
|
| 245 | 1 | 0 |
_aMacroeconomics / _cRudiger Dornbusch, Stanley Fischer, Richard Startz. |
| 250 | _a12th ed., International student ed. | ||
| 260 |
_aNew York : _bMcGraw-Hill Education, _c2014. |
||
| 300 |
_axix, 652 p. : _bill. ; _c24 cm. |
||
| 500 | _aPrevious edition : 2011. | ||
| 500 | _aIndex : p. 635-652. | ||
| 500 | _aGlossary : p. 615-634. | ||
| 504 | _aIncludes bibliographical references. | ||
| 650 | 0 |
_aMacroeconomics. _2BUEsh |
|
| 651 | _2BUEsh | ||
| 653 |
_bBUSECO _cJune2015 _cOctober2015 |
||
| 700 | 1 | _aFischer, Stanley. | |
| 700 | 1 |
_aStartz, Richard, _d1952- |
|
| 942 |
_2ddc _k339 DOR |
||
| 999 |
_c19746 _d19718 |
||